000 00314nam a22001457a 4500
008 221007b ||||| |||| 00| 0 eng d
020 _a191063780
041 _aeng
080 _a617
082 _a617HOA
100 _a15.1
101 _aORTOP
245 _aCLINICAL ORTHOPAEDICS
_cHOAGLUND F
942 _2udc
_cBK
999 _c58402
_d58402